Lịch sử 12

Αποθηκεύτηκε σε:
Λεπτομέρειες βιβλιογραφικής εγγραφής
Κύριος συγγραφέας: Nguyễn, Anh Thái
Μορφή: Βιβλίο
Γλώσσα:Undetermined
Έκδοση: Hà Nội Giáo Dục 1992
Θέματα:
Ετικέτες: Προσθήκη ετικέτας
Δεν υπάρχουν, Καταχωρήστε ετικέτα πρώτοι!
Thư viện lưu trữ: Trung tâm Học liệu Trường Đại học Cần Thơ
LEADER 00529nam a2200193Ia 4500
001 CTU_39812
008 210402s9999 xx 000 0 und d
082 |a 907 
082 |b L302/T.1 
100 |a Nguyễn, Anh Thái 
245 0 |a Lịch sử 12 
245 0 |c Nguyễn Anh Thái 
260 |a Hà Nội 
260 |b Giáo Dục 
260 |c 1992 
650 |a Vietnam 
650 |x History,Study and teaching ( secondary ) 
904 |i Qhieu sửa 
980 |a Trung tâm Học liệu Trường Đại học Cần Thơ